Statistiques concernant Les films de Takeshi Kitano

Cliquez ici pour prendre le quiz!

Statistiques générales

  • Ce quiz a été pris 18 fois
  • Le résultat moyen est 8 sur 18

Statistiques - réponses

AnnéeIndiceFilm% Correct
1997Lion d'orHana-bi
81%
1993Yakuzas à OkinawaSonatine, mélodie mortelle
81%
1989Polar violentViolent cop
56%
2002Théâtre noDolls
50%
1999Road tripL'été de Kikujiro
50%
2010YakuzasOutrage
50%
2002En AmériqueAniki, mon frère
44%
1990Sans musiqueJugatsu
44%
1996Deux jeunesKids return
44%
1991SurfA scene at the sea
38%
2003Suite d'une sagaZatoichi
38%
2008PeintureAchille et la tortue
31%
2005Kitano rencontre TakeshiTakeshis'
31%
1994ComédieGetting any?
25%
2007Mise en abymeGlory to the filmmaker!
25%
2017Suite de l'avant-dernierOutrage Coda
25%
2012Suite du précédentOutrage: beyond
19%
2015Gang de vieuxRyuzo 7
19%

Distribution des résultats

Percentile par nombre de réponses

% des personnes avec chaque résultat

Votre développement - résultats

Vous n’avez pas pris ce quiz